| 000 | 00807nam a2200241Ia 4500 | ||
|---|---|---|---|
| 003 | OSt | ||
| 005 | 20220925204820.0 | ||
| 006 | a|||||r|||| 00| 0 | ||
| 007 | ta | ||
| 008 | 220923b |||||||| |||| 00| 0 eng d | ||
| 037 | _cGeneral Book | ||
| 040 |
_aRTL _cRTL _beng |
||
| 041 |
_2eng _aeng |
||
| 082 | _aSigma.281.N51, J1 | ||
| 110 |
_aMadhya Bharat, Government Of .... Economic Intelligence And Statistics (Department Of-) _9269021 |
||
| 245 | 0 | _aMadhya Bharat in maps, 1951 | |
| 260 |
_aGwalior _bGovt Central Press India _c1951 |
||
| 300 |
_a526p. _ccm. |
||
| 650 | _aSocial Sciences | ||
| 700 |
_aMadhya Bharat, Government Of .... Economic Intelligence And Statistics (Department Of-) _9269022 |
||
| 942 |
_hSigma.281.N51, J1 _cGB _2CC |
||
| 999 |
_c550492 _d550492 |
||